[Event "Backa Topola-ch"]
[Site "Backa Topola"]
[Date "2019.12.11"]
[Round "8"]
[White "Hegedus, Antal"]
[Black "Dajc, Antun"]
[Result "1-0"]
[WhiteElo "1917"]
[BlackElo "1625"]
[PlyCount "45"]
[EventDate "2019.11.25"]
[EventType "swiss"]
[EventRounds "9"]
[EventCountry "SRB"]
[SourceTitle "CBM 193 Extra"]
[Source "ChessBase"]
[SourceDate "2020.01.31"]
[SourceVersion "1"]
[SourceVersionDate "2020.01.31"]
[SourceQuality "1"]

1. d4 d6 2. Nf3 g6 3. Nbd2 Bg7 4. e3 Nf6 5. g3 Bg4 6. c3 Qd7 7. Bg2 Bh3 8. 0-0 Bxg2 9. Kxg2 Qg4 10. Qb3 b6 11. Re1 0-0 12. h3 Qd7 13. e4 Nc6 14. a4 Na5 15. Qc2 e6 16. b3 Nb7 17. Ba3 Rfe8 18. Qd3 c5 19. dxc5 Nxc5 20. Qe3 Qc7 21. Rac1 Kh8 22. c4 Ng8 23. Red1 1-0

[Event "Subotica-ch op"]
[Site "Subotica"]
[Date "2016.03.09"]
[Round "8"]
[White "Solymosi, Andras"]
[Black "Hegedus, Antal"]
[Result "0-1"]
[WhiteElo "1991"]
[BlackElo "1934"]
[PlyCount "100"]
[EventDate "2016.02.22"]
[EventType "swiss"]
[EventRounds "9"]
[EventCountry "SRB"]
[SourceTitle "CBM 171 Extra"]
[Source "ChessBase"]
[SourceDate "2016.04.26"]
[SourceVersion "1"]
[SourceVersionDate "2016.04.26"]
[SourceQuality "1"]

1. d4 d5 2. Nf3 Nf6 3. c4 e6 4. Nc3 c6 5. g3 Be7 6. Bg2 0-0 7. 0-0 h6 8. b3 Nbd7 9. Bb2 a6 10. Rc1 Nb6 11. Qd3 a5 12. Ne5 Nbd7 13. f4 Nb6 14. Kh1 Bb4 15. c5 Bxc3 16. Bxc3 Nbd7 17. Rf2 Nh7 18. g4 Qh4 19. Qf3 Nxe5 20. dxe5 Qe7 21. Bd4 a4 22. b4 Bd7 23. a3 f6 24. Qg3 f5 25. Rg1 Rf7 26. gxf5 exf5 27. Bf3 g5 28. Bh5 Rg7 29. e6 Qxe6 30. Bxg7 Kxg7 31. Qc3+ Qf6 32. Qxf6+ Kxf6 33. fxg5+ hxg5 34. h4 Rg8 35. hxg5+ Nxg5 36. Bf3 Be6 37. Rh2 Ke5 38. Rh5 Kf4 39. Rg2 d4 40. Kg1 Nxf3+ 41. exf3 Ke3 42. Rxg8 Bxg8 43. Rxf5 Ke2 44. Re5+ Kd2 45. Kf2 Kc3 46. f4 d3 47. Rg5 d2 48. Rxg8 d1Q 49. Rg3+ Kd4 50. Rf3 Ke4 0-1

[Event "Subotica-ch"]
[Site "Subotica"]
[Date "2015.02.25"]
[Round "5"]
[White "Hegedus, Antal"]
[Black "Ribar, Vladimir"]
[Result "1-0"]
[WhiteElo "1965"]
[BlackElo "1823"]
[PlyCount "51"]
[EventDate "2015.02.16"]
[EventType "swiss"]
[EventRounds "9"]
[EventCountry "SRB"]
[SourceTitle "CBM 165 Extra"]
[Source "ChessBase"]
[SourceDate "2015.04.21"]
[SourceVersion "1"]
[SourceVersionDate "2015.04.21"]
[SourceQuality "1"]

1. d4 c5 2. d5 e6 3. g3 Nf6 4. c4 exd5 5. cxd5 Ne4 6. Qa4 Nf6 7. Bg2 Qb6 8. Nc3 Na6 9. a3 Nc7 10. e4 Bd6 11. Nge2 Be5 12. 0-0 h5 13. Qc4 h4 14. Na4 Qa6 15. Qxa6 Nxa6 16. f4 Bd4+ 17. Nxd4 cxd4 18. b4 b5 19. Nb2 hxg3 20. hxg3 Nh5 21. Kf2 Nf6 22. Nd3 d6 23. Rh1 Rxh1 24. Bxh1 Bg4 25. Bb2 Kd7 26. Bxd4 1-0

[Event "Subotica-ch"]
[Site "Subotica"]
[Date "2014.03.07"]
[Round "8"]
[White "Solymosi, Andras"]
[Black "Hegedus, Antal"]
[Result "1-0"]
[WhiteElo "1788"]
[BlackElo "1972"]
[PlyCount "51"]
[EventDate "2014.02.19"]
[EventType "swiss"]
[EventRounds "9"]
[EventCountry "SRB"]
[SourceTitle "CBM 159 Extra"]
[Source "ChessBase"]
[SourceDate "2014.04.24"]
[SourceVersion "1"]
[SourceVersionDate "2014.04.24"]
[SourceQuality "1"]

1. c4 c5 2. Nf3 Nf6 3. g3 Nc6 4. Bg2 e5 5. Nc3 d6 6. 0-0 Be7 7. d3 h6 8. Bd2 Be6 9. e4 Bg4 10. h3 Bh5 11. g4 Bg6 12. a3 Qc7 13. Ne1 Nd4 14. b4 b6 15. f4 0-0 16. f5 Bh7 17. h4 Ne8 18. g5 hxg5 19. hxg5 cxb4 20. axb4 Qd8 21. Qh5 Nb3 22. Rf3 g6 23. Qh6 Ng7 24. Rh3 Nh5 25. Rxh5 gxh5 26. f6 1-0

[Event "Subotica Autumn op"]
[Site "Subotica"]
[Date "2011.12.12"]
[Round "6"]
[White "Puhalo, Zdravko"]
[Black "Hegedus, Antal"]
[Result "1/2-1/2"]
[WhiteElo "2028"]
[BlackElo "1945"]
[PlyCount "72"]
[EventDate "2011.12.03"]
[EventType "swiss"]
[EventRounds "9"]
[EventCountry "SRB"]
[SourceTitle "CBM 145 Extra"]
[Source "ChessBase"]
[SourceDate "2012.01.03"]
[SourceVersion "1"]
[SourceVersionDate "2012.01.03"]
[SourceQuality "1"]

1. e4 e5 2. Nf3 d6 3. h3 c5 4. Nc3 Nc6 5. Bb5 Be7 6. d3 Nf6 7. 0-0 a6 8. Bc4 b5 9. Bd5 Nxd5 10. Nxd5 0-0 11. Nh2 f5 12. exf5 Bxf5 13. c3 Be6 14. Ne3 b4 15. Qe2 bxc3 16. bxc3 Bg5 17. Neg4 Bxc1 18. Raxc1 Rf4 19. Rc2 Qd7 20. Ne3 Raf8 21. f3 h5 22. Rb2 Ra4 23. Rc1 Qf7 24. Ra1 Rb8 25. Rxb8+ Nxb8 26. Qb2 Nd7 27. a3 Qf5 28. Nhf1 g5 29. Kh1 Rh4 30. Qf2 Ra4 31. Nh2 Ra5 32. c4 Nf6 33. a4 Bd7 34. Nef1 h4 35. Qd2 Rxa4 36. Rxa4 Bxa4 1/2-1/2

[Event "Subotica-ch"]
[Site "Subotica"]
[Date "2009.02.16"]
[Round "1"]
[White "Hegedus, Antal"]
[Black "Avram, Veso"]
[Result "0-1"]
[WhiteElo "1966"]
[BlackElo "2158"]
[PlyCount "98"]
[EventDate "2009.02.16"]
[EventType "swiss"]
[EventRounds "9"]
[EventCountry "SRB"]
[SourceTitle "EXT 2019"]
[Source "ChessBase"]
[SourceDate "2018.10.10"]
[SourceVersion "1"]
[SourceVersionDate "2018.10.10"]
[SourceQuality "1"]

1. d4 Nf6 2. c4 e6 3. Nc3 Bb4 4. a3 Bxc3+ 5. bxc3 c5 6. Qc2 Nc6 7. Nf3 Qa5 8. Bd2 d6 9. e4 Qc7 10. Be2 0-0 11. Bg5 Ne8 12. 0-0 e5 13. d5 Ne7 14. Bd3 f6 15. Bh4 g6 16. h3 Ng7 17. g4 h5 18. Nh2 g5 19. Bg3 h4 20. Bxh4 gxh4 21. f4 Ng6 22. f5 Nf4 23. Rxf4 exf4 24. Nf3 Bd7 25. Nxh4 Rfb8 26. Qd2 b5 27. Qxf4 bxc4 28. Bxc4 Be8 29. Re1 Kh7 30. Nf3 Rb2 31. Qg3 Qe7 32. Qh4+ Nh5 33. e5 Rab8 34. Bd3 c4 35. exf6 Qxf6 36. g5 Qf8 37. g6+ Kg8 38. Qxh5 Qg7 39. Be4 R8b7 40. Nd4 Qe5 41. Qf3 Rd2 42. Re2 Rxe2 43. Qxe2 Qg3+ 44. Qg2 Qxc3 45. Nc2 Ba4 46. Nb4 Re7 47. Bf3 Re1+ 48. Kf2 Qe3+ 49. Kg3 Rg1 0-1

[Event "Subotica-ch op "]
[Site "Subotica"]
[Date "2007.03.07"]
[Round "8"]
[White "Hegedus, Antal"]
[Black "Szemesi, Ferenc"]
[Result "0-1"]
[WhiteElo "1995"]
[BlackElo "1850"]
[PlyCount "108"]
[EventDate "2007.02.19"]
[EventType "swiss"]
[EventRounds "9"]
[EventCountry "YUG"]
[SourceTitle "EXT 2008"]
[Source "ChessBase"]
[SourceDate "2007.11.25"]
[SourceVersion "1"]
[SourceVersionDate "2007.11.25"]
[SourceQuality "1"]

1. c4 e5 2. Nc3 Nc6 3. d3 d6 4. g3 f5 5. Bg2 Nf6 6. a3 a5 7. Nf3 Be7 8. 0-0 0-0 9. Ng5 h6 10. Nf3 Be6 11. Nh4 Kh7 12. Nf3 Qd7 13. e3 Nd8 14. c5 a4 15. Qe2 e4 16. dxe4 Nxe4 17. cxd6 Nxc3 18. bxc3 Bxd6 19. Nd4 Qf7 20. Rd1 Bc4 21. Qf3 Ra5 22. e4 fxe4 23. Qxf7 Rxf7 24. Bxe4+ Kh8 25. f4 b6 26. Kg2 Bd5 27. Bxd5 Rxd5 28. Bb2 Rc5 29. Re1 Nc6 30. Nxc6 Rxc6 31. Re4 b5 32. Rae1 Kg8 33. h4 Rc5 34. R4e2 Rf8 35. Re6 Kf7 36. R6e4 Rd5 37. c4 bxc4 38. Rxc4 Ra8 39. Be5 Rd3 40. Bxd6 cxd6 41. Rc7+ Kf6 42. Ree7 Kf5 43. Rxg7 Rxa3 44. Rgf7+ Kg4 45. Rg7+ Kf5 46. Kh3 Ra1 47. Rgf7+ Ke4 48. Rfe7+ Kf5 49. Rf7+ Ke4 50. f5 a3 51. f6 a2 52. Ra7 Rxa7 53. Re7+ Kd5 54. Rxa7 Rh1+ 0-1

[Event "Subotica-ch op "]
[Site "Subotica"]
[Date "2007.02.23"]
[Round "3"]
[White "Tokovic, Svetozar"]
[Black "Hegedus, Antal"]
[Result "1-0"]
[WhiteElo "2278"]
[BlackElo "1995"]
[PlyCount "91"]
[EventDate "2007.02.19"]
[EventType "swiss"]
[EventRounds "9"]
[EventCountry "YUG"]
[SourceTitle "EXT 2008"]
[Source "ChessBase"]
[SourceDate "2007.11.25"]
[SourceVersion "1"]
[SourceVersionDate "2007.11.25"]
[SourceQuality "1"]

1. e4 e5 2. Nf3 Nc6 3. Bb5 a6 4. Ba4 Nf6 5. 0-0 b5 6. Bb3 Be7 7. Re1 0-0 8. a4 b4 9. a5 d6 10. c3 Rb8 11. Bc4 Na7 12. h3 c5 13. d4 cxd4 14. cxd4 Qc7 15. Qd3 Nb5 16. Bd2 Nxd4 17. Nxd4 exd4 18. Ra4 Nd7 19. Rc1 Qa7 20. Rxb4 d5 21. Rxb8 dxc4 22. Qxc4 Qxb8 23. b4 Bf6 24. f4 Qa7 25. e5 d3+ 26. Kh1 Bh4 27. Qxd3 Nb8 28. Be3 Qb7 29. Kh2 Rd8 30. Qc2 g6 31. Bb6 Re8 32. Nd2 Bd7 33. Nc4 Qc6 34. Rd1 Rc8 35. Bc5 Bf5 36. Qb2 Rc7 37. Nb6 Nd7 38. Qd2 Qe4 39. g3 Nxb6 40. axb6 Rd7 41. Bd6 Bd8 42. Ra1 Qb7 43. Qe2 Bxb6 44. Qxa6 Qa7 45. Qc8+ Rd8 46. Qxd8+ 1-0

[Event "Subotica-ch op "]
[Site "Subotica"]
[Date "2007.02.21"]
[Round "2"]
[White "Hegedus, Antal"]
[Black "Kovacs, Sandor"]
[Result "1/2-1/2"]
[WhiteElo "1995"]
[BlackElo "1800"]
[PlyCount "96"]
[EventDate "2007.02.19"]
[EventType "swiss"]
[EventRounds "9"]
[EventCountry "YUG"]
[SourceTitle "EXT 2008"]
[Source "ChessBase"]
[SourceDate "2007.11.25"]
[SourceVersion "1"]
[SourceVersionDate "2007.11.25"]
[SourceQuality "1"]

1. c4 c5 2. Nc3 Nc6 3. g3 e6 4. Bg2 Nf6 5. Nf3 d5 6. cxd5 Nxd5 7. 0-0 Be7 8. e3 0-0 9. Nxd5 exd5 10. d4 c4 11. a3 b5 12. Bd2 Bb7 13. Qc2 Rb8 14. Rad1 Bf6 15. Bc3 Re8 16. h4 g6 17. Nh2 Ne7 18. Ng4 Bg7 19. Ne5 Nf5 20. h5 Qg5 21. hxg6 fxg6 22. Nf3 Qe7 23. Bb4 Qe4 24. Qxe4 Rxe4 25. Ne5 Rxe5 26. dxe5 Bxe5 27. Bc3 Bxc3 28. bxc3 Ne7 29. Bh3 Kf7 30. Rd4 g5 31. f4 h6 32. Rb1 Bc6 33. a4 a6 34. axb5 axb5 35. fxg5 hxg5 36. Rf1+ Kg6 37. Be6 b4 38. cxb4 Rxb4 39. e4 dxe4 40. Bxc4 Rb2 41. Rd6+ Kh5 42. Re1 Kg4 43. Be2+ Kxg3 44. Re6 Bb5 45. Rxe4 Ng6 46. Re3+ Kh4 47. Bf3 Nf4 48. Ba8 Ne2+ 1/2-1/2